LEADER 01613nam a2200325 u 4500 001 000000111138 003 CaOOAMICUS 005 20080414105807.0 008 080414s2008 nyuc u000 u eng u 020 $z978-0-385-52374-5* 040 $aPUL$bita$dMCT 041 1 $aeng$hita 100 1 $aDziwisz, Stanis?aw,$ccard.,$d1939-$0(OLS)http://pul/name/52900 240 14$aUna vita con Karol.$lInglese.$0(OLS)http://pul/title/139726 245 12$aA life with Karol :$bmy forty-year friendship with the man who became pope /$cStanislaw Dziwisz in conversation with Gian Franco Svidercoschi ; translated from the Italian by Adrian J. Walker. 260 $aNew York :$bDoubleday,$c2008. 300 $axii, 260 p. :$britr. ;$c22 cm. 504 $aInclude riferimenti bibliografici. 600 04$aIohannes Paulus PP.$bII,$cs.,$d1920-2005.$0(OLS)http://pul/subject/1393 700 1 $aSvidercoschi, Gian Franco.$0(OLS)http://pul/name/33756 850 $aPUL 852 $aPUL$W1$xSL Religione 3$y85$m282. 092 DZIST 1$j127417$qDDC 21$B126115$CPULBib$Z2$F126115 $H106989 $82 941 1 $a9 960 $aPapi (1978-2005 : Iohannes Paulus PP. II)$91393 960 $aPapi (1978-2005 : Iohannes Paulus PP. II)$91393 960 $aWojtyla, Karol,$d1920-2005$91393 960 $aGiovanni Paolo$bII,$cpapa, b.,$d1920-2005$91393 996 $6020$z978-0-385-52374-5*$9(OLS)http://pul/number/137680 996 $6245$aA life with Karol :$bmy forty-year friendship with the man who became pope$9(OLS)http://pul/title/139725 996 $6260$aNew York :$bDoubleday$9(OLS)http://pul/publisher/53872 LEADER 01475nam a2200325 u 4500 001 000000008920 003 CaOOAMICUS 005 20070226105140.0 008 941213s1968 fr u000 u fre u 035 $a10227465 040 $aPUL$bita 041 1 $afre$hsyr 100 0 $aEphraem Syrus,$cs.,$d303-373.$0(OLS)http://pul/name/30 240 10$aHymni de paradiso$9(Ephraem Syrus, s., 303-373).$lFrancese.$0(OLS)http://pul/title/13105 245 10$aHymnes sur le paradis /$c[par] Éphrem de Nisibe. Traduction du syriaque par René Lavenant, S.I. ... , Introduction et notes par François Graffin, S.I. .. 260 $aParis :$bLes Éditions du Cerf,$c1968. 300 $a208 p. ;$c20 cm 490 1 $aSources chrétiennes ;$v137 500 $aIncludes index. 504 $aBibliographical footnotes. 650 0$aHymns, Syriac.$2//eng$0(OLS)http://pul/subject/7454 700 1 $aGraffin, François,$cS.I.$0(OLS)http://pul/name/8909 700 1 $aLavenant, René,$cS.I.$0(OLS)http://pul/name/8908 830 0$aSources chrétiennes ;$v137.$0(OLS)http://pul/title/45 850 $aPUL 852 $aPUL$W1$xSL Religione 2$y84$mTheol E3 137$j12584$nBK-PRI$b $qStampati altre collocazioni$B12584$CPULBib$Z2$F12584 $H $81 900 $aEfrem Siro,$cs.,$d303-373$930 941 1 $a10 996 $6245$aHymnes sur le paradis$9(OLS)http://pul/title/13106 996 $6260$aParis :$bLes Éditions du Cerf$9(OLS)http://pul/publisher/47861